000 00602nam a2200205Ia 4500
005 20250508164746.0
008 008 250505s9999 xx 000 0 eng d
037 _aReference
040 _aFEDL
_beng
_cFEDL
041 _aeng
_2eng
084 _a370, ART/RR
_qFEDL
100 _aArthur James Ed.
_934304
245 0 _aSage handbook of education for citizenship and democracy
260 _aLos Angeles, USA
_bSage
_c2008
300 _axxi,569p.
365 _aGBP
_b90
700 _a Davies Ian Ed. Hahn Carole Ed.
_9779099
942 _cREF
_h370, ART/RR
999 _c1390962
_d1390962